Sobre si del legado para casar huérfanas se puede dar para entrar en religión.

Detalles Bibliográficos
Formato: Libro
Publicado: s.l., s.f.
Materias:
Colección:Banco de datos
Acervo:Biblioteca Palafoxiana. Colección de Manuscritos
Descripción Física:4 f. ; 32 x 24 cm.
Tema general:Civil
LEADER 00378nam a22001330004500
035 |a 1576 
245 1 0 |a Sobre si del legado para casar huérfanas se puede dar para entrar en religión. 
260 |a s.l., s.f. 
300 |a 4 f. ; 32 x 24 cm. 
650 1 0 |a Civil 
949 |a 32280/331 
942 |c PALAMANU 
943 |g Biblioteca Palafoxiana. Colección de Manuscritos 
999 |c 1069521  |d 1069521